[Event "Tirnavia-B"]
[Site "Trnava"]
[Date "1983.??.??"]
[Round "6"]
[White "Doda, Zbigniew"]
[Black "Nun, Josef"]
[Result "1/2-1/2"]
[WhiteElo "2320"]
[BlackElo "2380"]

1.Nf3 d5 2.g3 Bg4 3.Bg2 Nd7 4.d4 e6 5.O-O Ngf6 6.c4 c6 7.Qb3 Qb6 8.Nc3 Be7
9.Bf4 O-O 10.Rfd1 h6 11.Ne5 Bf5 12.Nxd7 Nxd7 13.e4 dxe4 14.Nxe4 Rfe8 15.Be3 Qxb3
16.axb3 a6 17.Rac1 Rac8 18.h3 Nf6 19.Nc3 Bb4 20.Na4 Rcd8 21.Bf4 Re7 22.g4 Be4
23.f3 Bg6 24.Be5 Ne8 25.Kf2 f6 26.Bf4 e5 27.dxe5 Rxd1 28.Rxd1 fxe5 29.Be3 Bc2
30.Rc1 Bxb3 31.Nc5 Bxc5 32.Bxc5 Rd7 33.Ke2 Nc7 34.Rc3 Bd1+ 35.Ke1 Ne6 36.Be3 a5
37.Bd2 Ba4 38.b3 b5 39.bxa4 b4 40.Re3 Nc5 41.Bf1 b3 42.Rxe5 Kf7 43.Bc1 Nxa4
44.Rxa5 b2 45.Bxb2 Nxb2 46.Ra6 Re7+ 47.Kf2 Nd1+ 48.Kg1 Rc7 49.f4 Ke6 50.Ra5 Kd6
51.Bg2 Ne3 52.c5+ Ke6 53.Be4 Nd5 54.f5+ Ke5 55.Bf3 h5 56.Ra4 hxg4 57.hxg4 Kf6
58.Kf2 Kg5 59.Kg3 Nf6 60.Rd4 g6 61.fxg6 Kxg6 62.Rd6 Kg5 63.Re6 Rc8 64.Re5+ Kg6
65.Kf4 Nd7 66.Be4+ Kf7 67.Rf5+ Ke7 68.Rh5 Rf8+ 69.Kg3 Rf6 70.g5 Rf8 71.g6 Kf6
72.Bd3 Rb8 73.Rf5+ Kxg6 74.Rd5+ Kf6 75.Rxd7 Rb3 76.Kf4 Rc3 77.Rd6+ Ke7 78.Be4 Rxc5
79.Rh6 Ra5 80.Rxc6 Kd7 81.Rh6 Ke7 82.Ke3 Ra4 83.Kf4 Ra5 84.Bf5 Ra4+ 85.Kg5 Ra5
86.Re6+ Kd8 87.Rc6 Ke7 88.Kg6 Ra1 89.Re6+ Kd8 90.Kf6 Kc7 91.Ke7 Rd1 92.Re5 Kb6
93.Bd7 Rd2 94.Rb5+ Kc7 95.Rc5+ Kb6 96.Rc4 Rd1 97.Kd8 Rd5 98.Rc6+ Ka5 99.Kc7 Kb4
100.Ra6 Rg5 101.Bc6 Kc3 102.Ra4 Kd3 103.Kd6 Rg6+ 104.Kc5 Rg5+ 105.Bd5 Ke3
106.Re4+ Kd3 107.Rf4 Rg3  1/2-1/2

[Event "Varna"]
[Site "Varna"]
[Date "1983.??.??"]
[Round "10"]
[White "Spiridonov, Nikola"]
[Black "Groszpeter, Attila"]
[Result "0-1"]
[WhiteElo "2405"]
[BlackElo "2505"]

1.Nf3 d5 2.g3 c5 3.Bg2 Nc6 4.d4 e6 5.O-O Nf6 6.c4 Be7 7.cxd5 exd5 8.dxc5 Bxc5
9.Bg5 O-O 10.Nc3 d4 11.Bxf6 Qxf6 12.Nd5 Qd8 13.Nd2 Re8 14.Nb3 Bb6 15.Rc1 Be6
16.Nf4 Qd6 17.Nxe6 Qxe6 18.Rc2 Rad8 19.Rd2 h5 20.h4 Qf6 21.a3 Ne5 22.Nc1 g5
23.hxg5 Qxg5 24.Nd3 Ng6 25.Rc2 h4 26.Qc1 Qxc1 27.Rfxc1 hxg3 28.fxg3 Re3 29.Bxb7 Ne5
30.Rc8 Rxc8 31.Rxc8+ Kg7 32.Nxe5 Rxe5 33.Kf1 Re3 34.Ba6 d3 35.exd3 Rxg3 36.Bc4 Rg1+
37.Ke2 Rg2+ 38.Kd1 Rxb2 39.Re8 f5 40.a4 f4 41.Bd5 Be3 42.Be4 Ra2 43.Rg8+ Kf6
44.Rg6+ Ke5 45.Rg5+ Kd4 46.Rd5+ Kc3 47.a5 Bf2 48.Rf5 Rd2+ 49.Kc1 Be3 50.Kb1 Rxd3
51.Rd5 Rxd5 52.Bxd5 Kd2 53.a6 Bb6 54.Bc6 Ke2 55.Bb5+ Kf2 56.Kc2 f3 57.Bc6 Ke2  0-1

[Event "Varna"]
[Site "Varna"]
[Date "1983.??.??"]
[Round "12"]
[White "Ortega, Lexy"]
[Black "Meduna, Eduard"]
[Result "0-1"]
[WhiteElo "2425"]
[BlackElo "2475"]

1.Nf3 d5 2.g3 c6 3.Bg2 Bg4 4.Ne5 Bh5 5.d4 Nf6 6.O-O e6 7.c4 Nbd7 8.b3 Be7
9.Bb2 O-O 10.Nd2 Nxe5 11.dxe5 Nd7 12.h3 f5 13.exf6 Bxf6 14.Bxf6 Qxf6 15.g4 Bg6
16.e4 dxe4 17.Nxe4 Bxe4 18.Bxe4 Nc5 19.Qc2 Nxe4 20.Qxe4 Rad8 21.Qe3 b6 22.Rad1 c5
23.Rfe1 Rfe8 24.Rxd8 Qxd8 25.Qe2 Qc7 26.Rd1 h6 27.Rd3 Qc6 28.Qe5 Qb7 29.Rd6 Qf7
30.Kg2 Kh8 31.Kg3 Kg8 32.f4 Re7 33.h4 Re8 34.h5 Kf8 35.Kf3 Qb7+ 36.Qe4 Qe7
37.Rd1 Qh4 38.Rg1 Qh3+ 39.Ke2 Rd8 40.Rg2 Qh1 41.Kf2 Qh4+ 42.Ke2 Qh1 43.Kf2 Rd4
44.Qf3 Qb1 45.Qa8+ Ke7 46.Kg3 Rd7 47.Rf2 Qd1 48.Qg2 Qe1 49.Kh2 Rd3 50.Qb7+ Kf6
51.g5+ Kf5 52.Qg2 Qe4 53.Qxe4+ Kxe4 54.gxh6 gxh6 55.Re2+ Kxf4 56.Rxe6 Kg5
57.Rg6+ Kxh5 58.Rg2 Kh4 59.Re2 Kg4 60.Kg2 Kf4 61.Kf2 h5 62.Kg2 Re3 63.Rd2 Ke4
64.Kf1 Kf3  0-1

[Event "Vrnjacka Banja"]
[Site "Vrnjacka Banja"]
[Date "1983.??.??"]
[Round "5"]
[White "Jansa, Vlastimil"]
[Black "Ristic, Nenad"]
[Result "1/2-1/2"]
[WhiteElo "2440"]
[BlackElo "2365"]

1.Nf3 d5 2.g3 c5 3.Bg2 Nc6 4.d4 cxd4 5.Nxd4 Nf6 6.O-O Qb6 7.Nb3 Bf5 8.Be3 Qc7
9.Nc3 e6 10.Nb5 Qd7 11.Rc1 Na5 12.Nxa5 Qxb5 13.Nb3 Be4 14.Bxe4 Nxe4 15.Qd3 Qc4
16.Rfd1 Nd6 17.Bf4 b5 18.Bxd6 Bxd6 19.e4 Qxd3 20.Rxd3 Be5 21.exd5 Bxb2 22.Rb1 Bf6
23.dxe6 fxe6 24.Nc5 a6 25.Nxe6 Kf7 26.Nc7 Ra7 27.Nd5 Rc8 28.Ne3 Bg5 29.f4 Be7
30.Kg2 Bc5 31.Ng4 Be7 32.Ne5+ Kg8 33.c3 Rac7 34.Rb3 Bf6 35.Ra3 Bxe5 36.fxe5 Rc6
37.Kf3 Kf7 38.Ke4 Ke6 39.Rb3 Rc4+ 40.Rd4 R8c5 41.Kd3 Kxe5 42.Ra3 a5 43.Rd7 a4
44.Rxg7 Rd5+ 45.Ke3 h5 46.Rh7 Kf6 47.h3 Re5+ 48.Kf3 Ke6 49.Rh8 Kd7 50.Rh6 Kc7
51.Kf2 Kb7 52.Rd6 Kc7 53.Rh6 Rec5 54.Ke2 Kb7 55.Kd2 Rg5 56.Ke2 Kc7 57.Kd1 Rxg3
58.Rxh5 Kb6 59.Rh8 Rg2 60.Rb8+ Ka6 61.Ra8+ Kb7 62.Re8 Rg3 63.Re2 Rxh3 64.Kc2 Rg4
65.Re7+ Kc6 66.Re6+ Kc7 67.Re7+ Kd6 68.Re2 Rf4 69.Rd2+ Ke6 70.Re2+ Kf5 71.Rg2 Rhf3
72.Rh2 Kg4 73.Rg2+ Kf5 74.Rh2 Rg4 75.Rd2 Rh4 76.Rd5+ Ke6 77.Rd2 Rhh3 78.Re2+ Kd7
79.Rd2+ Kc6 80.Rg2 Kb6 81.Rg6+ Ka5 82.Rg2 Rf1 83.Re2 Rhh1 84.Rg2 Re1 85.Rf2 Rhg1
86.Rh2 Rb1 87.Rf2 Rbd1 88.Rh2 Rdf1 89.Re2 Rf3 90.Rh2 Rg4 91.Re2 Kb6 92.Re6+ Kc5
93.Re5+ Kd6 94.Re2 Rh3 95.Rd2+ Ke6 96.Re2+ Kf6 97.Rf2+ Kg5 98.Rd2 Rf3 99.Rd5+ Kh4
100.Rd2 Kh3 101.Re2 Rgf4 102.Re5 Rg3 103.Re2 Kg4 104.Rd2 Re3 105.Rg2+ Kh3
106.Rd2 Kg3 107.Rd5 Rf2+ 108.Rd2 Rxd2+ 109.Kxd2 Kf3 110.Kc2 Ke2 111.Kc1 Rd3
112.Kc2 Rh3 113.Kc1 Rd3 114.Kc2 Ke3 115.Kc1 Ke4 116.Kc2 Rh3 117.Kc1 Rg3 118.Kc2 Rg2+
119.Kc1 Rh2 120.Kb1 Kd5 121.Kc1 Kc4 122.Kb1 Rh3 123.Kc2 b4 124.Rxa4 Rh2+
125.Kc1 Kxc3 126.Kd1 Rh1+ 127.Ke2 Ra1 128.Ke3 Re1+ 129.Kf2 Rd1 130.Ke2  1/2-1/2

[Event "ARM-chJ"]
[Site "Yerevan"]
[Date "1983.??.??"]
[Round "1"]
[White "Anastasian, Ashot"]
[Black "Pavlenko, Oleg"]
[Result "1-0"]
[WhiteElo "2200"]
[BlackElo "2200"]

1.Nf3 d5 2.g3 g6 3.Bg2 Bg7 4.c4 c6 5.cxd5 cxd5 6.O-O e5 7.d4 e4 8.Ne1 Nc6
9.Nc2 Nge7 10.Nc3 O-O 11.b4 Be6 12.e3 Rc8 13.Qd2 Qd7 14.Ba3 Rfd8 15.Rfc1 Nf5
16.Bf1 h5 17.b5 Nce7 18.Bb4 Nd6 19.Bxd6 Qxd6 20.a4 h4 21.a5 hxg3 22.hxg3 Bg4
23.Na4 g5 24.Qb4 Qf6 25.Ne1 Bf8 26.Qb3 b6 27.axb6 axb6 28.Rxc8 Bxc8 29.Nc3 Qh6
30.Ra8 Qd6 31.Nc2 Bb7 32.Rxd8 Qxd8 33.Nb4 Kg7 34.Qa2 Qd6 35.Na6 f5 36.Qe2 Qa3
37.Qc2 f4 38.gxf4 gxf4 39.exf4 Nf5 40.Ne2 Bd6 41.Qd2 Qf3 42.Bg2 Nh4 43.Bh1 Qg4+
44.Ng3 Bxf4 45.Qxf4 Qxf4 46.Nh5+ Kf7 47.Nxf4 Nf5 48.Ne2 Nd6 49.Nc7 Ke7 50.Nc3 Kd7
51.N7xd5 Bxd5 52.Nxd5 Nxb5 53.Bxe4 Nxd4 54.Nxb6+ Ke6 55.Nc4 Kf6 56.Kg2 Kg5
57.Kg3 Ne6 58.Nd2 Kf6 59.Nf3 Nc5 60.Bc2 Na6 61.Kf4 Nb4 62.Be4 Na2 63.Bd5 Nc3
64.Bb3 Nb5 65.Nd2 Nd4 66.Ne4+ Kg7 67.Bc4 Nc6 68.Ng3 Kf6 69.Ke4 Ne7 70.Nh5+ Kg6
71.Nf4+ Kg5 72.Nd5 Ng6 73.Bd3 Kg4 74.Be2+ Kg5 75.Bh5 Nh4 76.Be8 Ng2 77.Bd7 Nh4
78.f4+ Kh6 79.Be8 Kg7 80.Ne3 Kf6 81.Bh5 Ke6 82.Kd3 Kd6 83.Kd4 Ke6 84.Ke4 Kf6
85.Kd3 Ke6 86.Ke2  1-0

[Event "ARM-chJ"]
[Site "Yerevan"]
[Date "1983.??.??"]
[Round "2"]
[White "Mowsziszian, Karen"]
[Black "Pavlenko, Oleg"]
[Result "0-1"]
[WhiteElo "2200"]
[BlackElo "2200"]

1.Nf3 d5 2.g3 c5 3.Bg2 Nc6 4.O-O e5 5.d3 h6 6.Nbd2 Be6 7.e4 d4 8.Nc4 Qc7
9.a4 g5 10.Ne1 O-O-O 11.b3 Kb8 12.f4 f6 13.fxe5 fxe5 14.Qh5 Qg7 15.Qe2 Nf6
16.Nf3 Nd7 17.Bd2 Be7 18.c3 h5 19.cxd4 cxd4 20.Rfc1 h4 21.Be1 hxg3 22.Bxg3 g4
23.Nfd2 Bh4 24.Nf1 Qh6 25.Nd6 Bxg3 26.hxg3 Nf6 27.Nf5 Bxf5 28.exf5 Nd5 29.Qxg4 Ne3
30.Qg6 Qxg6 31.fxg6 Nxg2 32.Kxg2 Rdg8 33.Re1 Rxg6 34.Ra2 Nb4 35.Rd2 Rh5 36.Re4 Rhg5
37.Rh4 a5 38.Kh2 Rc6 39.g4 Rc3 40.Rh8+ Kc7 41.Kh3 Nxd3 42.Rh7+ Kc6 43.Kh4 Rg6
44.g5 Nf4 45.Kg4 Rg8 46.Ng3 Rxg3+ 47.Kxg3 Rxg5+ 48.Kf3 Ne6 49.Rc2+ Nc5 50.Rxc5+ Kxc5
51.Rxb7 Rg1 52.Rb5+ Kd6 53.Rxa5 Re1 54.Kf2 Rb1 55.Rb5 e4 56.Rb8 e3+ 57.Kf3 Rf1+
58.Ke2 Rf2+ 59.Ke1 Kd5 60.Re8 Rb2 61.a5 Rxb3 62.a6 Ra3 63.Ra8 d3 64.Kf1 Ra1+
65.Kg2 e2 66.Rd8+ Kc6 67.Rc8+ Kd7  0-1

[Event "Robert Silk Young Masters"]
[Site "London"]
[Date "1984.07.17"]
[Round "3"]
[White "Berg, Klaus"]
[Black "Upton, Timothy J"]
[Result "0-1"]
[WhiteElo "2375"]
[BlackElo "2340"]

1.Nf3 d5 2.g3 Nf6 3.Bg2 e6 4.O-O Be7 5.c4 O-O 6.b3 c5 7.cxd5 Nxd5 8.Bb2 Nc6
9.Nc3 b6 10.Nxd5 exd5 11.d4 Be6 12.Rc1 Rc8 13.Qd2 h6 14.Rfd1 Qc7 15.Ba3 Na5
16.Ne5 Rfd8 17.b4 c4 18.e4 Nc6 19.exd5 Rxd5 20.Rxc4 Rxd4 21.Rxd4 Nxd4 22.Nxf7 Bf6
23.Nxh6+ gxh6 24.Qxh6 Qg7 25.Qe3 Bxa2 26.Bb2 Rd8 27.h4 Bf7 28.Kh1 Qg4 29.f3 Qxg3  0-1

[Event "URS-ch sf"]
[Site "Barnaul"]
[Date "1984.??.??"]
[Round "?"]
[White "Gulko, Boris F"]
[Black "Meister, Yakov"]
[Result "1/2-1/2"]
[WhiteElo "2470"]
[BlackElo "2200"]

1.Nf3 d5 2.g3 c5 3.Bg2 Nc6 4.d4 Nf6 5.O-O cxd4 6.Nxd4 Bd7 7.c4 dxc4 8.Nxc6 Bxc6
9.Bxc6+ bxc6 10.Qa4 Qc8 11.Qxc4 g6 12.b3 Bg7 13.Bb2 O-O 14.Nd2 a5 15.Rfc1 Ra6
16.Rc2 a4 17.b4 a3 18.Bd4 Qb7 19.Nb3 Qa8 20.Rac1 Bh6 21.e3 Nd5 22.Nc5 Ra7
23.Nd3 Rb7 24.Qxc6 Nxb4 25.Nxb4 Rxb4 26.Qc5 Qb8 27.Bc3 Rb7 28.Qxa3 Bg7 29.Bxg7 Kxg7
30.Qc3+ f6 31.a4 Ra7 32.Ra1 Qa8 33.a5 Rd8 34.Qb4 Rd5 35.Rc5 Rd6 36.Rcc1 Qf3
37.Qc5 Raa6 38.Qc7 Re6 39.Qc4 g5 40.Rd1 Rec6  1/2-1/2

[Event "URS-ch sf"]
[Site "Barnaul"]
[Date "1984.??.??"]
[Round "?"]
[White "Rashkovsky, Nukhim N"]
[Black "Smagin, Sergey"]
[Result "1/2-1/2"]
[WhiteElo "2470"]
[BlackElo "2355"]

1.Nf3 d5 2.g3 Nf6 3.Bg2 Bf5 4.O-O e6 5.b3 Be7 6.Bb2 O-O 7.d3 c5 8.Nbd2 Nc6
9.e3 Nd7 10.e4 Bg4 11.h3 Bxf3 12.Bxf3 Bf6 13.c3 dxe4 14.Nxe4 Be7 15.d4 cxd4
16.cxd4 Rc8 17.Qe2 Nf6 18.Rfd1 Nd5 19.Rac1 b6 20.h4 Qd7 21.Nd2 Rfd8 22.Nc4 Bf8
23.a3 g6 24.b4 Bh6 25.Rc2 Nce7 26.Be4 Qa4 27.Bc1 Bxc1 28.Rdxc1 b5 29.Bxd5 Nxd5
30.Ne5 Rxc2 31.Qxc2 Qxa3 32.h5 gxh5 33.Qd2 f6 34.Nd3  1/2-1/2

[Event "Bor"]
[Site "Bor"]
[Date "1984.??.??"]
[Round "?"]
[White "Kirov, Nino"]
[Black "Kudrin, Sergey"]
[Result "1-0"]
[WhiteElo "2430"]
[BlackElo "2550"]

1.g3 d5 2.Nf3 Nf6 3.Bg2 c6 4.c4 dxc4 5.Na3 b5 6.Ne5 Qc7 7.d4 a6 8.O-O e6
9.b3 c3 10.Nc2 Bb7 11.Qd3 c5 12.Bxb7 Qxb7 13.Qxc3 cxd4 14.Nxd4 Bd6 15.Bf4 O-O
16.Rac1 Bxe5 17.Bxe5 Nbd7 18.Bxf6 Nxf6 19.Qc6 Qb8 20.Qc7 Qe8 21.Nc6 h6 22.Rfd1 Nd5
23.Qd6 Kh8 24.e4 Nf6 25.f3 Kh7 26.Kg2 Kh8 27.h4 Ng8 28.Rc5 f6 29.Nb4 f5 30.e5 Rf7
31.Nxa6 Rfa7 32.Nc7 Rxa2+ 33.Rd2 Qf8 34.Rcc2 Rxc2 35.Rxc2 Qc8 36.Qxe6 Rb8
37.b4 Qb7 38.Nd5 Rd8 39.Nf4 h5 40.Qxf5 Nh6 41.Qxh5 Qa7 42.e6 Kg8 43.Nd5  1-0

[Event "Lang mem 5th"]
[Site "Brno"]
[Date "1984.??.??"]
[Round "9"]
[White "Szajna, Wladyslaw"]
[Black "Bernard, Ryszard"]
[Result "1-0"]
[WhiteElo "2290"]
[BlackElo "2375"]

1.Nf3 d5 2.g3 Nf6 3.Bg2 c6 4.d3 Bf5 5.O-O h6 6.Nc3 e6 7.Nd2 e5 8.e4 dxe4
9.dxe4 Be6 10.Qe2 Nbd7 11.Nd1 Bc5 12.Ne3 g6 13.Nb3 Qe7 14.Nxc5 Qxc5 15.Bd2 Nb6
16.a3 Qe7 17.c4 Nbd7 18.b4 h5 19.h3 O-O 20.c5 b5 21.f4 exf4 22.gxf4 Nxe4
23.Bxe4 Bxh3 24.Bg2 Bxg2 25.Qxg2 Nf6 26.Rae1 Qd7 27.Bc3 Nd5 28.Nxd5 cxd5
29.Bf6 Rfe8 30.Be5 d4 31.Qg5 Kh7 32.f5 d3 33.Qf6 Rxe5 34.Qxe5 d2 35.fxg6+ Kxg6
36.Rd1 Qg4+ 37.Kf2 f6 38.Qg3  1-0

[Event "Alfoldi mem (Women)"]
[Site "Budapest"]
[Date "1984.??.??"]
[Round "?"]
[White "Levitina, Irina S"]
[Black "Heintze, Marion"]
[Result "1/2-1/2"]
[WhiteElo "2245"]
[BlackElo "2095"]

1.Nf3 d5 2.g3 Nf6 3.Bg2 c5 4.c4 e6 5.cxd5 exd5 6.d4 Nc6 7.O-O cxd4 8.Nxd4 Be7
9.Nc3 O-O 10.Be3 Be6 11.Na4 Re8 12.Rc1 Nxd4 13.Bxd4 Ne4 14.Nc3 Nxc3 15.Rxc3 Qd7
16.Qb3 b6 17.Rfc1 Bc5 18.Rd1 Rab8 19.Bxc5 bxc5 20.Qa3 Qb5 21.Rd2 c4 22.Qxa7  1/2-1/2

[Event "Casilda"]
[Site "Casilda"]
[Date "1984.??.??"]
[Round "3"]
[White "Panno, Oscar"]
[Black "Letelier, Rene"]
[Result "1-0"]
[WhiteElo "2515"]
[BlackElo "2290"]

1.Nf3 d5 2.g3 c6 3.Bg2 Nf6 4.d3 Bg4 5.Nbd2 Nbd7 6.h3 Bh5 7.g4 Bg6 8.Nh4 e6
9.e3 Be7 10.Qe2 Qc7 11.Ndf3 O-O-O 12.Bd2 Nc5 13.O-O-O Qb6 14.Nxg6 hxg6 15.Qe1 Qa6
16.Kb1 Nfd7 17.Bf1 b5 18.Bg2 Rde8 19.Bc3 Na4 20.Bxg7 Rh7 21.Bc3 Nxc3+ 22.Qxc3 b4
23.Qd2 Kc7 24.d4 Qb6 25.e4 Rb8 26.Rhe1 Bd6 27.exd5 exd5 28.Ne5 Nxe5 29.dxe5 Bc5
30.e6 Bd6 31.f4 Rf8 32.Re2 Qc5 33.Rf1 f5 34.b3 Be7 35.Qe3 Qxe3 36.Rxe3 Kd6
37.c4 bxc3 38.Rxc3 c5 39.Rd1 d4 40.Rxd4+ Kxe6 41.Re3+ Kf6 42.g5+ Kf7 43.Bd5+  1-0

[Event "Politiken Cup"]
[Site "Copenhagen"]
[Date "1984.??.??"]
[Round "2"]
[White "Bilek, Istvan"]
[Black "Knudsen, Per"]
[Result "1-0"]
[WhiteElo "2395"]
[BlackElo "2295"]

1.Nf3 d5 2.g3 Nf6 3.Bg2 Bf5 4.d3 Nbd7 5.Nbd2 h6 6.b3 e6 7.Bb2 Bc5 8.O-O O-O
9.e3 a5 10.a4 c6 11.Qe2 Bh7 12.e4 Ne8 13.Kh1 Nc7 14.Nd4 e5 15.N4f3 d4 16.Nc4 Qf6
17.c3 Ne6 18.Bh3 b5 19.axb5 cxb5 20.Nxa5 dxc3 21.Bxc3 Bg6 22.Bg4 Rfc8 23.b4 Bb6
24.Bb2 Rc7 25.h4 h5 26.Bh3 Rac8 27.Rac1 Qe7 28.Qd2 Bxa5 29.bxa5 Nec5 30.Qe3 Qd6
31.Rcd1 Ra8 32.Bg2 Rxa5 33.d4 exd4 34.Nxd4 Qe7 35.Bc3 Ra4 36.Nxb5 Rb7 37.Nd6 Rb3
38.Qd2 Nxe4 39.Nxe4 Bxe4 40.Rfe1 Bxg2+ 41.Kxg2 Qc5 42.Qxd7 Ra7 43.Qe8+ Kh7
44.Re5 Qxc3 45.Rxh5+ Kg6 46.Rg5+ Kh7 47.Qh8+  1-0

[Event "Politiken Cup"]
[Site "Copenhagen"]
[Date "1984.??.??"]
[Round "3"]
[White "Sorensen, Bent"]
[Black "Berg, Klaus"]
[Result "1-0"]
[WhiteElo "2290"]
[BlackElo "2400"]

1.g3 d5 2.Nf3 g6 3.Bg2 Bg7 4.O-O c5 5.d3 Nc6 6.Nbd2 e6 7.e4 Nge7 8.c3 b6
9.Qa4 Bb7 10.exd5 Nxd5 11.d4 cxd4 12.Nxd4 Qd7 13.N4f3 O-O 14.Nc4 e5 15.Ne3 Nxe3
16.Bxe3 f5 17.Rad1 Qe7 18.Bg5 Qf7 19.Rd6 e4 20.Nh4 Ne5 21.f3 h6 22.Bf4 exf3
23.Bxe5 Bxe5 24.Rxg6+ Kh7 25.Bxf3 Bxf3 26.Rxf3 Bf6 27.Rxf5 Qe7 28.Rgxf6 Qe3+
29.Kg2  1-0

[Event "Politiken Cup"]
[Site "Copenhagen"]
[Date "1984.??.??"]
[Round "4"]
[White "Tompa, Janos"]
[Black "Heyken, Enno"]
[Result "1/2-1/2"]
[WhiteElo "2420"]
[BlackElo "2300"]

1.Nf3 d5 2.g3 c6 3.Bg2 Nf6 4.O-O Bg4 5.b3 e6 6.c4 Nbd7 7.Bb2 Bd6 8.d4 O-O
9.Nbd2 Bh5 10.Ne5 Bc7 11.Nd3 Qb8 12.Nf3 Rd8 13.Qc1 a5 14.a4 Re8 15.Re1 Bg6
16.Nde5 Be4  1/2-1/2

[Event "Copenhagen AS04& BSF"]
[Site "Copenhagen"]
[Date "1984.??.??"]
[Round "5"]
[White "Bilek, Istvan"]
[Black "Korzubov, Peter"]
[Result "1/2-1/2"]
[WhiteElo "2410"]
[BlackElo "2460"]

1.Nf3 d5 2.g3 e6 3.Bg2 c5 4.O-O Nc6 5.c4 Nf6 6.d3 Be7 7.Bf4 O-O 8.Nc3 b6
9.d4 cxd4 10.Nxd4 Nxd4 11.Qxd4 Bc5 12.Qd2 Bb7 13.cxd5 Nxd5 14.Nxd5 Bxd5 15.Bxd5 Qxd5
16.Qxd5  1/2-1/2

[Event "Politiken Cup"]
[Site "Copenhagen"]
[Date "1984.??.??"]
[Round "8"]
[White "Lengyel, Levente"]
[Black "Hartman, Christer"]
[Result "1/2-1/2"]
[WhiteElo "2415"]
[BlackElo "2210"]

1.Nf3 d5 2.g3 c6 3.Bg2 Bf5 4.d3 Nf6 5.O-O Nbd7 6.Nbd2 e5 7.Nh4 Be6 8.e4 dxe4
9.dxe4 g6 10.Qe1 Be7 11.Nhf3 h6 12.Qe2 Qc7 13.b3 O-O 14.a4 b5 15.Bb2 a6 16.Ne1 Nc5
17.Kh1 Nh5 18.Ndf3 f6 19.Nh4 Kh7 20.Nf5 Nf4 21.gxf4 gxf5 22.exf5 Bxf5 23.fxe5 fxe5
24.Bxe5 Bd6 25.Bxd6 Qxd6 26.Rd1 Qf6 27.Qe3 Nd7 28.Qd4 Ne5 29.Nd3 Nxd3 30.Qxf6 Rxf6
31.cxd3 bxa4 32.bxa4 Rd8 33.Rc1 Rxd3 34.Rxc6 Rxc6 35.Bxc6 Rc3 36.Bb7 a5 37.Ra1 Rc4
38.Ba6 Rf4 39.Kg1 Bh3 40.Ra3 Bg4 41.Kg2 Rb4 42.Bb5 Bd1 43.Kf1 Kg6 44.Ke1 Bb3  1/2-1/2

[Event "Politiken Cup"]
[Site "Copenhagen"]
[Date "1984.??.??"]
[Round "10"]
[White "Sorensen, Bent"]
[Black "Nilsson, Nils Specht"]
[Result "1/2-1/2"]
[WhiteElo "2290"]
[BlackElo "2245"]

1.Nf3 d5 2.g3 Nf6 3.Bg2 g6 4.O-O Bg7 5.d3 O-O 6.Nbd2 b6 7.e4 e6 8.Re1 Bb7
9.e5 Nfd7 10.Nf1 c5 11.Bf4 Nc6 12.h4 Ne7 13.N1h2 d4 14.Qd2 Bxf3 15.Bxf3 Rc8
16.Bb7 Rb8 17.Bg2 Kh8 18.Bh6 Rg8 19.Bxg7+ Rxg7 20.Qf4 Nf5 21.Nf3 Qe7 22.Ng5 h6
23.Nf3 Rbg8 24.c3 g5 25.hxg5 hxg5 26.Qg4 dxc3 27.bxc3 Rh7 28.Kf1 Nh6 29.Qe4 g4
30.Nh4 Rg5 31.Qb7 Qd8 32.d4 cxd4 33.cxd4 f5 34.Qc6 Nf8 35.Rad1 Rc7 36.Qb5 f4
37.Be4 fxg3 38.fxg3 Rd7 39.Qa4 Rgg7 40.Kg2 Nf7 41.Bc6 Rc7 42.d5 exd5 43.Bxd5 Qc8
44.Re2 Ng5 45.Rh1 Nh3 46.Rf1 Rc1 47.Qa3 Rxf1 48.Kxf1 Ne6 49.Qe3 Qf8+ 50.Kg2 Nef4+
51.gxf4 Nxf4+ 52.Kg3 Nxd5 53.Qh6+ Kg8 54.Qe6+ Qf7 55.Qc8+ Qf8 56.Qe6+ Qf7  1/2-1/2

[Event "DDR-ch 33th"]
[Site "Eilenburg"]
[Date "1984.??.??"]
[Round "4"]
[White "Espig, Lutz"]
[Black "Starck, Bodo"]
[Result "1-0"]
[WhiteElo "2420"]
[BlackElo "2265"]

1.Nf3 d5 2.g3 Nf6 3.Bg2 c6 4.O-O Bf5 5.d3 e6 6.Nbd2 h6 7.Qe1 Be7 8.e4 Bh7
9.Qe2 O-O 10.b3 a5 11.a4 Na6 12.Bb2 Nc5 13.Nd4 Qb6 14.e5 Nfd7 15.Kh1 Na6
16.f4 c5 17.Nb5 Nc7 18.Nxc7 Qxc7 19.g4 Rfe8 20.Qf3 Rab8 21.Rae1 Kh8 22.Qg3 Qd8
23.Re2 b5 24.axb5 Rxb5 25.c4 dxc4 26.dxc4 Rb8 27.Ra1 a4 28.Rxa4 Nb6 29.Ra1 Bd3
30.Re3 Bxc4 31.bxc4 Qxd2 32.Bc3 Qc2 33.g5 Rg8 34.Be4 Qb3 35.g6  1-0

[Event "DDR-ch (Women)"]
[Site "Eilenburg"]
[Date "1984.??.??"]
[Round "6"]
[White "Krutzsch, Birgit"]
[Black "Jahn, Constanze"]
[Result "0-1"]
[WhiteElo "2000"]
[BlackElo "1995"]

1.Nf3 d5 2.g3 Nf6 3.Bg2 e6 4.d3 c5 5.O-O Nc6 6.c3 Be7 7.Qc2 O-O 8.Nbd2 b5
9.e4 Qb6 10.Re1 Bb7 11.exd5 Nxd5 12.Ne4 h6 13.Qe2 Rfd8 14.a3 a5 15.c4 Nf6
16.Bf4 Nxe4 17.dxe4 bxc4 18.Qxc4 Ba6 19.Qc1 Rac8 20.Bf1 Nd4 21.Nxd4 cxd4
22.Qd2 Bxf1 23.Kxf1 g5 24.Qe2 gxf4 25.Qg4+ Kh7 26.Qxf4 Qb5+ 27.Kg1 Rf8 28.e5 Qd5
29.h4 d3 30.Rad1 Rc2 31.Re4 Bc5  0-1

[Event "DDR-ch (Women)"]
[Site "Eilenburg"]
[Date "1984.??.??"]
[Round "10"]
[White "Seidemann, Ulrike"]
[Black "Seils, Gundula"]
[Result "1/2-1/2"]
[WhiteElo "1975"]
[BlackElo "1935"]

1.Nf3 d5 2.g3 c5 3.c4 Nf6 4.cxd5 Nxd5 5.Bg2 g6 6.Nc3 Bg7 7.O-O O-O 8.d4 cxd4
9.Nxd4 Nxc3 10.bxc3 e5 11.Nb5 Qa5 12.Qb3 Be6 13.c4 Nc6 14.Ba3 Rfd8 15.e3 e4
16.Rad1 Ne5 17.Nd6 Nf3+ 18.Bxf3 exf3 19.e4 Qh5 20.Rd3 Bf8 21.Rfd1 Bxd6 22.Rxd6 Rxd6
23.Rxd6 Qh3 24.Qxf3 Bxc4 25.Qd1 h6 26.Bb2  1/2-1/2

[Event "Esbjerg"]
[Site "Esbjerg"]
[Date "1984.??.??"]
[Round "2"]
[White "Csom, Istvan"]
[Black "Jakobsen, Ole"]
[Result "1/2-1/2"]
[WhiteElo "2500"]
[BlackElo "2435"]

1.Nf3 d5 2.g3 g6 3.Bg2 Bg7 4.O-O Nf6 5.d4 O-O 6.c4 c6 7.Qa4 Bg4 8.Nc3 dxc4
9.Qxc4 Nbd7 10.Rd1 Qa5 11.Qb3 Nb6 12.Bf4 Nfd7 13.h3 Bxf3 14.Bxf3 e5 15.Be3 exd4
16.Bxd4 Nc5 17.Qc2 Bxd4 18.Rxd4 Ne6 19.Rd3 Rad8 20.Rad1 Qe5  1/2-1/2

[Event "Bundesliga 8384"]
[Site "Germany"]
[Date "1984.??.??"]
[Round "?"]
[White "Podzielny, Karl Heinz"]
[Black "Neunhoeffer, Helmut"]
[Result "1-0"]
[WhiteElo "2405"]
[BlackElo "2235"]

1.Nf3 d5 2.g3 c6 3.Bg2 Bg4 4.O-O Nd7 5.d3 e5 6.Nbd2 Bd6 7.b3 Ne7 8.Bb2 a5
9.a3 O-O 10.e4 b5 11.Re1 Qc7 12.Qe2 Rae8 13.Qf1 f6 14.d4 Qb6 15.Bh3 h5 16.Bg2 exd4
17.Nxd4 Bc5 18.c3 Ne5 19.h3 Bc8 20.exd5 Nxd5 21.Ne4 Nxc3 22.Bxc3 Bxd4 23.Bxd4 Qxd4
24.Rad1 Qb2 25.Nd6 Rd8 26.f4 Nf7 27.Nxf7 Kxf7 28.Qf3 Qxa3 29.Qxh5+ Kg8 30.Rxd8 Rxd8
31.Bxc6 Qf8 32.Be4  1-0

[Event "Bundesliga 8384"]
[Site "Germany"]
[Date "1984.??.??"]
[Round "?"]
[White "Podzielny, Karl Heinz"]
[Black "Goehring, Karl Heinz"]
[Result "0-1"]
[WhiteElo "2405"]
[BlackElo "2355"]

1.Nf3 d5 2.g3 c6 3.Bg2 Bf5 4.O-O e6 5.b3 Nf6 6.c4 Be7 7.Bb2 O-O 8.d3 h6 9.Nbd2 a5
10.a3 Nbd7 11.Rc1 Bh7 12.Rc2 Qb8 13.Qa1 Re8 14.Ne5 Bf8 15.Bh3 Qd8 16.Rfc1 Nxe5
17.Bxe5 Nd7 18.Bb2 Qe7 19.cxd5 exd5 20.Nf3 Rad8 21.Nd4 Qg5 22.Kg2 Qh5 23.g4 Qg6
24.Kh1 c5 25.Nf5 d4 26.b4 b6 27.bxc5 bxc5 28.Qa2 Nf6 29.Nh4 Qg5 30.Nf3 Qf4
31.Bg2 Nxg4 32.Rf1 Bd6 33.Bc1 Qf5 34.h3 Nf6 35.Rg1 Qh5 36.Rf1 Bf5 37.Ng1 Be6
38.Qb1 Bd5 39.Qb6 Bxg2+ 40.Kxg2 Qd5+ 41.Nf3 Ra8 42.Qb5 Re6 43.Rh1 Rae8 44.Kf1 Kh7
45.Qc4 Qh5 46.Qa2 Kg8 47.Kg2 Nd7 48.Kf1 Rf6 49.Ng1 Rf5 50.h4 Nf6 51.Rh3 Nd5
52.Qc4 Re6 53.Rf3 Rxf3 54.Nxf3 Qf5 55.Ng1 Rg6 56.e4 dxe3 57.Qe4 Qh5 58.Ne2 Re6
59.Qg2 exf2 60.Qh3 Bf4 61.Bb2 Be5 62.d4 Bf6 63.Kxf2 Rxe2+ 64.Rxe2  0-1

[Event "Bundesliga 8384"]
[Site "Germany"]
[Date "1984.??.??"]
[Round "?"]
[White "Mack, Peter"]
[Black "Marian, R."]
[Result "1/2-1/2"]
[WhiteElo "2280"]
[BlackElo "2360"]

1.Nf3 d5 2.g3 Nf6 3.Bg2 c5 4.O-O Nc6 5.d4 e6 6.c4 Be7 7.Nc3 O-O 8.cxd5 exd5
9.dxc5 Bxc5 10.Na4 Be7 11.Nd4 Re8 12.Nxc6 bxc6 13.Be3 Qa5 14.Rc1 Ba6 15.Bf3 Bf8
16.b3 Bb5 17.Nc5 Bxc5 18.Bxc5 Ne4 19.Bd4 Nd2 20.Re1 Nxf3+ 21.exf3 Qxa2 22.Rxe8+ Rxe8
23.Ra1 Qe2 24.Bxa7 Qxd1+ 25.Rxd1 f6 26.Kg2 Kf7 27.g4 Kg6 28.Kg3 h5 29.h3 Re2
30.b4 Rb2 31.Bc5 Rb3 32.Re1 hxg4 33.hxg4 d4 34.Bxd4 Rxb4 35.Bc5 Rb3 36.Re3 Bc4
37.f4 Bd5 38.f5+ Kf7 39.g5 fxg5  1/2-1/2

[Event "Bundesliga 8384"]
[Site "Germany"]
[Date "1984.??.??"]
[Round "?"]
[White "Clemens, Christian"]
[Black "Werner, Dimo"]
[Result "1-0"]
[WhiteElo "2380"]
[BlackElo "2370"]

1.g3 d5 2.Nf3 Nf6 3.Bg2 c6 4.b3 Bf5 5.O-O e6 6.Bb2 Be7 7.d3 O-O 8.Nbd2 a5
9.a3 h6 10.c4 Nbd7 11.Qc2 Re8 12.Bc3 Bf8 13.Rfe1 Bh7 14.cxd5 cxd5 15.Qb2 Qb6
16.Bd4 Bc5 17.Bxc5 Qxc5 18.Rac1 Qb6 19.Qc3 Qd6 20.a4 Qb8 21.Qc7 Rc8 22.Qxb8 Raxb8
23.Nd4 Kf8 24.Nb5 Ke7 25.Na7 Rc5 26.Rxc5 Nxc5 27.Rc1 Nfd7 28.Kf1 f6 29.f4 Bg6
30.Rc3 Bf7 31.d4 Ra8 32.Nb5 Na6 33.e4 Nb6 34.exd5 Nxd5 35.Bxd5 exd5 36.Nc7 Rc8
37.Nxd5+ Kd8 38.Rxc8+ Kxc8 39.Ne3 Kc7 40.Ke2 Nb4 41.Ndc4 b6 42.Kd2 g5 43.Ng4 gxf4
44.gxf4 Nd5 45.Nxh6 Be6 46.f5 Bd7 47.Ne3 Ne7 48.Kd3 Kc6 49.Ke4 b5 50.Nhg4 bxa4
51.bxa4 Kd6 52.Nxf6 Bxa4 53.Nc4+ Kc6 54.Nxa5+ Kb5 55.Nb7 Bc2+ 56.Ke5 Nc6+
57.Kd5 Bb3+ 58.Ke4 Bc2+ 59.Ke3 Ne7 60.Nd6+ Kc6 61.Nfe4 Bxe4 62.Nxe4 Nxf5+
63.Kd3 Kd5 64.Nc3+ Ke6 65.Ke4 Nd6+ 66.Kf4 Nf7 67.h4 Kf6 68.Ne4+ Kg6 69.Ng3 Kf6
70.h5 Ke6 71.Nf5 Kd5 72.Kf3 Ke6 73.Ke4 Kf6 74.Kf4 Ke6 75.Ne3 Kf6 76.d5 Kg7
77.Ng4  1-0

[Event "Bundesliga 8384"]
[Site "Germany"]
[Date "1984.??.??"]
[Round "?"]
[White "Clemens, Christian"]
[Black "Bednarski, Jacek B"]
[Result "1/2-1/2"]
[WhiteElo "2380"]
[BlackElo "2325"]

1.g3 d5 2.Nf3 g6 3.Bg2 Bg7 4.d4 Nf6 5.O-O O-O 6.c4 c6 7.cxd5 cxd5 8.Ne5 e6
9.Nc3 Nfd7 10.Nxd7 Bxd7 11.Be3 b5 12.a3 Qb6 13.Qd3 a5 14.Rad1 Na6 15.Bf4 Rac8
16.Qd2 Nb8 17.e3 Rfd8 18.Qd3 Bf6 19.g4 Be8  1/2-1/2